[Event "Leeuwarden op"]
[Site "Leeuwarden"]
[Date "1995.??.??"]
[Round "2"]
[White "Riemersma, Liafbern"]
[Black "Kharlov, Andrei"]
[Result "0-1"]
[WhiteElo "2415"]
[BlackElo "2555"]
[PlyCount "86"]
[EventDate "1995.08.??"]
[EventType "swiss"]
[EventRounds "9"]
[EventCountry "NED"]
[SourceTitle "EXT 1997"]
[Source "ChessBase"]
[SourceDate "1996.11.15"]
[SourceVersion "1"]
[SourceVersionDate "1996.11.15"]
[SourceQuality "1"]

1. e4 c5 2. Nf3 Nc6 3. d4 cxd4 4. Nxd4 Nf6 5. Nc3 e6 6. Ndb5 d6 7. Bf4 e5 8.
Bg5 a6 9. Na3 b5 10. Nd5 Be7 11. Bxf6 Bxf6 12. c3 O-O 13. Nc2 Rb8 14. h4 Be6
15. Nce3 a5 16. a3 b4 17. axb4 axb4 18. Ra6 bxc3 19. Rxc6 cxb2 20. Bd3 Bxh4 21.
O-O Bg5 22. Bb1 Qa5 23. Qc2 g6 24. Nc4 Qb5 25. Nxd6 Qb3 26. Qc5 Rfd8 27. Ra6
Bxd5 28. exd5 Be7 29. Qc7 Bxd6 30. Rxd6 Rdc8 31. Qa5 Rc1 32. Qa6 Rb5 33. Rd8+
Kg7 34. Qd6 Rxf1+ 35. Kh2 Rxd5 36. Qc7 Kf6 37. Rb8 Qxb8 38. Qxb8 Rxb1 39. Qh8+
Kg5 40. Qb8 Rh1+ 41. Kxh1 Rd1+ 42. Kh2 b1=Q 43. Qxe5+ Kh6 0-1

[Event "Leeuwarden op"]
[Site "Leeuwarden"]
[Date "1995.??.??"]
[Round "3"]
[White "Kharlov, Andrei"]
[Black "Gretarsson, Helgi Ass"]
[Result "0-1"]
[WhiteElo "2555"]
[BlackElo "2440"]
[PlyCount "72"]
[EventDate "1995.08.??"]
[EventType "swiss"]
[EventRounds "9"]
[EventCountry "NED"]
[SourceTitle "EXT 1997"]
[Source "ChessBase"]
[SourceDate "1996.11.15"]
[SourceVersion "1"]
[SourceVersionDate "1996.11.15"]
[SourceQuality "1"]

1. c4 b6 2. d4 e6 3. e4 Bb7 4. Nc3 Bb4 5. Qc2 Qh4 6. Bd3 f5 7. g3 Qh5 8. f3 Nc6
9. Be3 e5 10. d5 Nd4 11. Bxd4 exd4 12. a3 fxe4 13. fxe4 Bxc3+ 14. bxc3 dxc3 15.
Qxc3 Nf6 16. Be2 Qh6 17. Bf3 d6 18. e5 dxe5 19. Qxe5+ Kd7 20. Ne2 Rac8 21. Qf5+
Kd6 22. O-O Qe3+ 23. Kg2 Rhf8 24. Ra2 Nxd5 25. c5+ bxc5 26. Qb1 Rxf3 27. Qxb7
Rxf1 28. Qa6+ c6 29. Kxf1 Rf8+ 30. Ke1 Rb8 31. Rd2 Rb1+ 32. Rd1 Rb2 33. Qc4 Ke5
34. Rc1 g5 35. Qg4 Kf6 36. Ra1 Nc3 0-1

[Event "Leeuwarden op"]
[Site "Leeuwarden"]
[Date "1995.??.??"]
[Round "4"]
[White "Hoeksema, Hendrik Pieter"]
[Black "Kharlov, Andrei"]
[Result "1/2-1/2"]
[WhiteElo "2410"]
[BlackElo "2555"]
[PlyCount "84"]
[EventDate "1995.08.??"]
[EventType "swiss"]
[EventRounds "9"]
[EventCountry "NED"]
[SourceTitle "EXT 1997"]
[Source "ChessBase"]
[SourceDate "1996.11.15"]
[SourceVersion "1"]
[SourceVersionDate "1996.11.15"]
[SourceQuality "1"]

1. d4 d5 2. c4 e6 3. Nc3 c6 4. e3 Nd7 5. Qc2 Ngf6 6. Nf3 Bd6 7. Be2 O-O 8. O-O
Re8 9. Rd1 Qe7 10. h3 a6 11. a3 h6 12. e4 Nxe4 13. Nxe4 dxe4 14. Qxe4 e5 15.
Be3 Nf6 16. Qh4 e4 17. Nd2 Bf5 18. Nf1 Rad8 19. Bf4 Qe6 20. Qg3 Bg6 21. Bxd6
Qxd6 22. Qxd6 Rxd6 23. Rd2 Red8 24. Rad1 Bf5 25. Ne3 Be6 26. f4 exf3 27. Bxf3
Kf8 28. Kf2 Nh7 29. h4 g5 30. d5 cxd5 31. cxd5 Bd7 32. hxg5 Nxg5 33. Nc4 Rf6
34. Re1 Bb5 35. b3 Bxc4 36. bxc4 Rf4 37. Rc2 b5 38. cxb5 axb5 39. Rc5 Ra4 40.
Re3 b4 41. axb4 Rxb4 42. Rc6 Nxf3 1/2-1/2

[Event "Leeuwarden op"]
[Site "Leeuwarden"]
[Date "1995.??.??"]
[Round "5"]
[White "Kharlov, Andrei"]
[Black "De Jong, Migchiel"]
[Result "1-0"]
[WhiteElo "2555"]
[BlackElo "2260"]
[PlyCount "85"]
[EventDate "1995.08.??"]
[EventType "swiss"]
[EventRounds "9"]
[EventCountry "NED"]
[SourceTitle "EXT 1997"]
[Source "ChessBase"]
[SourceDate "1996.11.15"]
[SourceVersion "1"]
[SourceVersionDate "1996.11.15"]
[SourceQuality "1"]

1. c4 g6 2. g3 Bg7 3. Bg2 e5 4. Nc3 d6 5. Nf3 Nf6 6. d3 O-O 7. O-O Re8 8. Bg5
h6 9. Bxf6 Bxf6 10. Rb1 a5 11. a3 c6 12. Nd2 Bg7 13. Qc2 Be6 14. Rfc1 Nd7 15.
b4 axb4 16. axb4 Nf6 17. Nb3 Qe7 18. e3 Rec8 19. Na5 Ra7 20. Ra1 e4 21. dxe4 b6
22. e5 bxa5 23. exf6 Bxf6 24. Rxa5 Rxa5 25. bxa5 Bxc4 26. Na4 Be6 27. Nb6 Rc7
28. Bxc6 d5 29. Qa4 d4 30. exd4 Bg5 31. Re1 Qd6 32. d5 Bh3 33. a6 Re7 34. Qd1
Rxe1+ 35. Qxe1 Qa3 36. Bb7 Be7 37. d6 Bd8 38. Nd5 Qa2 39. Nf4 Bd7 40. Qe3 Kg7
41. Kg2 Qa4 42. Nd5 Bc6 43. Qc3+ 1-0

[Event "Leeuwarden op"]
[Site "Leeuwarden"]
[Date "1995.??.??"]
[Round "6"]
[White "Horvath, Jozsef"]
[Black "Kharlov, Andrei"]
[Result "1/2-1/2"]
[WhiteElo "2510"]
[BlackElo "2555"]
[PlyCount "43"]
[EventDate "1995.08.??"]
[EventType "swiss"]
[EventRounds "9"]
[EventCountry "NED"]
[SourceTitle "EXT 1997"]
[Source "ChessBase"]
[SourceDate "1996.11.15"]
[SourceVersion "1"]
[SourceVersionDate "1996.11.15"]
[SourceQuality "1"]

1. d4 d5 2. c4 dxc4 3. e3 e6 4. Bxc4 Nf6 5. Nf3 a6 6. O-O c5 7. a4 Nc6 8. Nc3
cxd4 9. exd4 Be7 10. Be3 O-O 11. Ne5 Qc7 12. Nxc6 Qxc6 13. Ba2 Rd8 14. Rc1 Qb6
15. Qb3 Qxb3 16. Bxb3 Ng4 17. Ne4 Bd7 18. Rc7 Bc6 19. d5 Bxd5 20. Bxd5 exd5 21.
Rxe7 dxe4 22. Rxe4 1/2-1/2

[Event "Leeuwarden op"]
[Site "Leeuwarden"]
[Date "1995.??.??"]
[Round "7"]
[White "Kharlov, Andrei"]
[Black "Brenninkmeijer, Joris"]
[Result "1-0"]
[WhiteElo "2555"]
[BlackElo "2500"]
[PlyCount "93"]
[EventDate "1995.08.??"]
[EventType "swiss"]
[EventRounds "9"]
[EventCountry "NED"]
[SourceTitle "EXT 1997"]
[Source "ChessBase"]
[SourceDate "1996.11.15"]
[SourceVersion "1"]
[SourceVersionDate "1996.11.15"]
[SourceQuality "1"]

1. c4 e5 2. Nc3 Nf6 3. Nf3 Nc6 4. g3 d5 5. cxd5 Nxd5 6. Bg2 Nb6 7. O-O Be7 8.
d3 O-O 9. a3 Be6 10. Rb1 f6 11. b4 Nd4 12. Nd2 c6 13. e3 Nb5 14. Nxb5 cxb5 15.
Nb3 Na4 16. Bb2 Qd7 17. Ba1 Rac8 18. Rc1 Rxc1 19. Nxc1 Rc8 20. Ne2 a5 21. f4
axb4 22. axb4 Bxb4 23. fxe5 fxe5 24. Bxe5 Nc3 25. Nxc3 Bxc3 26. Bxc3 Rxc3 27.
Be4 Bf7 28. Qb1 Rc8 29. Bf5 Be6 30. Qb3 Bxb3 31. Bxd7 Rc5 32. Rb1 Ba4 33. d4
Rc3 34. Kf2 Rc2+ 35. Kf3 Rxh2 36. Bxb5 Bxb5 37. Rxb5 h5 38. Rxb7 g5 39. e4 Rd2
40. Ke3 Rg2 41. d5 Rxg3+ 42. Kd4 Rg1 43. d6 Kf8 44. Ke5 Rd1 45. Ke6 g4 46. Rf7+
Kg8 47. Rf5 1-0

[Event "Leeuwarden op"]
[Site "Leeuwarden"]
[Date "1995.??.??"]
[Round "8"]
[White "Ulibin, Mikhail"]
[Black "Kharlov, Andrei"]
[Result "1/2-1/2"]
[WhiteElo "2545"]
[BlackElo "2555"]
[PlyCount "58"]
[EventDate "1995.08.??"]
[EventType "swiss"]
[EventRounds "9"]
[EventCountry "NED"]
[SourceTitle "EXT 1997"]
[Source "ChessBase"]
[SourceDate "1996.11.15"]
[SourceVersion "1"]
[SourceVersionDate "1996.11.15"]
[SourceQuality "1"]

1. e4 c5 2. Nf3 Nc6 3. Bb5 g6 4. Bxc6 dxc6 5. h3 Bg7 6. d3 Nf6 7. Nc3 b6 8. Be3
Nd7 9. Qd2 h6 10. O-O e5 11. a3 a5 12. Kh2 a4 13. b3 axb3 14. cxb3 Qe7 15. Rfb1
h5 16. Ra2 O-O 17. b4 cxb4 18. axb4 Bb7 19. Ne1 Qd6 20. Rxa8 Rxa8 21. b5 cxb5
22. Nxb5 Qc6 23. Qb2 Ba6 24. Qb3 Nc5 25. Bxc5 Qxc5 26. Rd1 Bb7 27. Rb1 Rf8 28.
Na3 Ba6 29. Nc4 Bxc4 1/2-1/2

[Event "Leeuwarden op"]
[Site "Leeuwarden"]
[Date "1995.??.??"]
[Round "9"]
[White "Hjartarson, Johann"]
[Black "Kharlov, Andrei"]
[Result "1/2-1/2"]
[WhiteElo "2570"]
[BlackElo "2555"]
[PlyCount "78"]
[EventDate "1995.08.??"]
[EventType "swiss"]
[EventRounds "9"]
[EventCountry "NED"]
[SourceTitle "EXT 1997"]
[Source "ChessBase"]
[SourceDate "1996.11.15"]
[SourceVersion "1"]
[SourceVersionDate "1996.11.15"]
[SourceQuality "1"]

1. e4 c5 2. Nf3 Nc6 3. d4 cxd4 4. Nxd4 Nf6 5. Nc3 e5 6. Ndb5 d6 7. Bg5 a6 8.
Na3 Be6 9. Nc4 Rc8 10. Bxf6 gxf6 11. Ne3 Bh6 12. Bd3 Bxe3 13. fxe3 Qb6 14. Qc1
h5 15. O-O Rh6 16. a3 h4 17. Rf2 h3 18. g3 Ne7 19. Qe1 Kf8 20. Rd1 Rc6 21. Na4
Qc7 22. Qd2 Kg7 23. b3 Ng6 24. c4 Nf8 25. Nc3 Nh7 26. Nd5 Qd8 27. Rdf1 a5 28.
b4 axb4 29. axb4 Ra6 30. c5 Ra3 31. cxd6 Qxd6 32. Bc4 Ng5 33. Qc1 Ra4 34. Nxf6
Rxf6 35. Rxf6 Qc7 36. Qd1 Qxc4 37. Qh5 Nh7 38. Qxe5 Nxf6 39. Qxf6+ Kg8 1/2-1/2

[Event "Novosibirsk"]
[Site "Novosibirsk"]
[Date "1995.??.??"]
[Round "1"]
[White "Dreev, Alexey"]
[Black "Kharlov, Andrei"]
[Result "0-1"]
[WhiteElo "2670"]
[BlackElo "2555"]
[Annotator "Belov"]
[PlyCount "88"]
[EventDate "1995.10.??"]
[EventType "tourn"]
[EventRounds "11"]
[EventCountry "RUS"]
[EventCategory "15"]
[SourceTitle "CBM 050"]
[Source "ChessBase"]
[SourceDate "1996.02.01"]
[SourceVersion "1"]
[SourceVersionDate "1996.02.01"]
[SourceQuality "1"]

1. d4 d5 2. c4 e6 3. Nf3 Nf6 4. Nc3 dxc4 5. e4 Bb4 6. Bg5 c5 7. e5 (7. Bxc4
cxd4 8. Nxd4 Bxc3+ 9. bxc3 Qa5) 7... cxd4 (7... h6 8. Bd2 Bxc3 9. bxc3 Ne4 10.
Bxc4 Nc6 11. O-O O-O 12. Be1 Ng5 13. Nxg5 hxg5 14. Qe2 $1 cxd4 15. Rd1 Qc7 16.
cxd4 $14 {Dreev,A-Giorgadze,G/Tbilisi/1989/1:0/41/}) 8. Nxd4 (8. Qa4+ Nc6 $13)
8... Bxc3+ (8... Qa5 9. exf6 Qxg5 $4 (9... Bxc3+ 10. bxc3 Qxg5) 10. Qa4+ Nc6
11. Nxc6 Bxc3+ 12. bxc3 Bd7 13. Qb4 Qxf6 14. Nd4 {Piket,Je-Karolyi,T/Lvov/1988/
1:0/}) 9. bxc3 Qa5 10. exf6 Qxg5 11. fxg7 (11. Qa4+ Nd7 12. fxg7 Qxg7 13. Qb4
a5 14. Qd6 Qe5+ 15. Qxe5 Nxe5 $10 {Lputian,S-Gurevic,M/Lvov/1987/0,5/}) 11...
Qxg7 12. Qd2 O-O $5 (12... Nc6 13. Nxc6 bxc6 14. Bxc4 Qe5+ 15. Kf1 Bb7 16. Rd1
O-O 17. h4 Rad8 $10 {Portisch,L-Huebner,R/Skelleftea WCup/1989/0,5/28/}) 13.
Bxc4 Rd8 14. Qe3 Bd7 (14... Nc6 15. Nxc6 bxc6 16. O-O $14) 15. O-O Nc6 16. Nf3
(16. Nxc6 Bxc6 17. f3 b6 $10) 16... Ne7 (16... Be8 17. Bd3 h6 $10) 17. Ne5 Ng6
(17... Nf5 18. Qf4 Be8 19. Rad1 $14) (17... Bc6 18. Nxc6 Nxc6 (18... bxc6 19.
Rad1 Nd5 20. Qf3 $14) 19. f4 $14) 18. f4 Rac8 19. Be2 (19. Bb3 Nxe5 20. fxe5
Bc6 21. Rf2 b6 $15) 19... Nxe5 20. fxe5 Bc6 21. Bf3 Bd5 22. Rab1 b6 23. Rb4 $1
Bxf3 24. Rxf3 (24. Qxf3 Qxe5 25. Qxf7+ Kh8 26. Rh4 Qg7 27. Qxe6 Rxc3 28. Rf7
Rc1+ 29. Kf2 Rd2+ 30. Ke3 (30. Kf3 Rf1+ 31. Ke3 Re1+ 32. Kxd2 Rxe6 33. Rxg7
Kxg7 $10) 30... Re1+ 31. Kxd2 Rxe6 32. Rxg7 Kxg7 $10) 24... Rd1+ 25. Kf2 Rcd8
26. Rd4 $8 (26. Rg3 R8d2+ 27. Kf3 Rd3 $15) 26... R1xd4 27. cxd4 Kh8 28. Rg3 Qf8
29. Qg5 (29. Qf4 h6 30. Qf6+ Kh7) 29... h6 $8 30. Qf6+ Kh7 31. Rg4 Rd7 $14 32.
Kg3 $5 b5 33. Kh4 Qh8 (33... b4 34. Kh5 a5 $5) 34. Qf3 (34. Qxh8+ Kxh8 35. Kh5
Kh7) 34... Qf8 35. Kh5 b4 36. Qe4+ Kh8 37. Rf4 (37. Qf4 Kh7 $10) 37... Qg8 38.
Rg4 Qf8 39. Qe3 $2 (39. Qf4 Kh7 40. Qe4+ $10) 39... f5 $1 (39... Kh7 $10) 40.
Rg6 (40. exf6 Qxf6 41. Qxh6+ $8 Qxh6+ 42. Kxh6 Rh7+ 43. Kg6 Rg7+ 44. Kh5 Rxg4
45. Kxg4 a5 46. Kf4 a4 47. Ke3 b3 48. axb3 a3 $19) 40... Qe8 $1 41. Kxh6 (41.
Qxh6+ Rh7 $19) (41. d5 Rg7 42. Qg3 Kh7 $19) 41... Rh7+ 42. Kg5 Qe7+ 43. Rf6 (
43. Kf4 Qh4+ 44. g4 (44. Kf3 Qh5+ $19) 44... fxg4 45. Qg3 (45. Rxg4 Rf7+) 45...
Rf7+ 46. Ke3 (46. Ke4 Qh7 47. Qxg4 Rg7 $19) 46... Rf3+ $19) 43... Rg7+ 44. Kh4
(44. Kf4 Rg4+ 45. Kf3 Qb7+ 46. Ke2 Qxg2+ 47. Kd3 Qf1+ 48. Qe2) 44... Rg6 $1 $19
(44... Rg6 45. g4 Qh7+ 46. Kg3 Rxg4+ 47. Kf2 Qxh2+ $19) 0-1

[Event "Novosibirsk"]
[Site "Novosibirsk"]
[Date "1995.??.??"]
[Round "2"]
[White "Kharlov, Andrei"]
[Black "Rublevsky, Sergei"]
[Result "0-1"]
[WhiteElo "2555"]
[BlackElo "2595"]
[Annotator "Ftacnik,L"]
[PlyCount "82"]
[EventDate "1995.10.??"]
[EventType "tourn"]
[EventRounds "11"]
[EventCountry "RUS"]
[EventCategory "15"]
[SourceTitle "CBM 050"]
[Source "ChessBase"]
[SourceDate "1996.02.01"]
[SourceVersion "1"]
[SourceVersionDate "1996.02.01"]
[SourceQuality "1"]

1. e4 {Chekhov} c5 2. c3 e6 3. d4 d5 4. exd5 exd5 5. Nf3 Nc6 6. Bb5 Bd6 7. dxc5
Bxc5 8. O-O Nge7 9. Nbd2 O-O 10. Nb3 Bb6 11. Re1 Nf5 (11... Bg4 {Chekhov} 12.
Be3 Bxe3 13. Rxe3 Nf5 14. Re1 Nh4 15. Be2 Re8 16. Nxh4 Qxh4 17. f3 Be6 18. Bb5
$14 {Smagin,S-Ortega,A/Amantea/1994/1|0/37/}) 12. Bd3 (12. Bg5 $2 Bxf2+ 13.
Kxf2 Qb6+ 14. Nbd4 Ncxd4 15. Nxd4 Nxd4 16. Qxd4 Qxb5 {Strikovic,A-Popovic,P/
YUG/1989/0|1/38/} 17. b3 Qc6 {Strikovic,A-Popovic,P/JUG-ch/1989/}) (12. Qc2 Nh4
13. Nxh4 Qxh4 14. Be3 Bc7 15. g3 Qh5 16. Be2 Bg4 17. Bd4 Rfe8 18. Bxg4 Qxg4 19.
Qd2 Re4 {Kerkhof,P-Vaisser,A/Oostende op (09)/1992/}) (12. Nbd4 $6 {Chekhov}
Nfxd4 13. Nxd4 Nxd4 14. cxd4 Qh4 15. Be3 Be6 16. Qd2 Rfc8 $15 {Klarenbeek,
M-Van Der Wiel,J/NED/1994/0|1/39/}) 12... Bc7 (12... Qd6 13. Nbd4 (13. Qc2 g6
14. Bg5 f6 15. Bh4 Ne5 16. Bxf5 Bxf5 17. Qd2 Nc4 18. Qc1 Rae8 19. Bg3 Rxe1+ 20.
Qxe1 Qd7 {Markowski,T-Wach,M/Velden op (05)/1994/}) 13... Nfxd4 14. Nxd4 Bxd4
15. cxd4 Be6 16. Be3 Rac8 17. Rc1 Nb4 18. Qb3 Qb6 19. Bb1 Nc6 20. Qxb6 axb6 21.
Rc3 Na5 {Blauert,J-Kalinichev,S/Dresden op/1993/}) (12... h6 13. Bc2 (13. h3
Qd6 14. Bc2 Bd7 15. Bxf5 Bxf5 16. Be3 Bxe3 17. Rxe3 Rfe8 18. Qd2 Be4 19. Rae1
Qg6 {Yanovsky,S-Bashkov,V/URS-chT/1988/}) 13... Qd6 (13... Be6 14. Qd3 Re8 15.
Bf4 Qf6 16. g4 Qg6 17. h3 Nfe7 18. Qxg6 Nxg6 19. Bg3 Bd7 20. Rad1 Rxe1+ 21.
Rxe1 Re8 22. Rxe8+ Bxe8 23. Bd6 {Smagin,S-Strikovic,A/Cacak (08)/1991/1-0 (78)}
) (13... a5 14. Qd3 a4 15. Nbd4 g6 16. Nxf5 Bxf5 17. Qd1 Bxc2 18. Qxc2 Kg7 19.
Bf4 Qf6 20. Qd2 g5 21. Be3 d4 22. Bxd4 Nxd4 23. Nxd4 Rfd8 24. Rad1 {Dolmatov,
S-Lobron,E/Dortmund (07)/1993/1-0 (64)}) (13... Bc7 14. Qd3 g6 15. Nbd4 Nfxd4
16. Nxd4 Qh4 17. Nf3 Qh5 18. Bd1 Bd7 19. Qf1 Rfe8 20. Ne5 Qh4 21. g3 Bh3 {
Georgiev,Ki-Gurevich,I/New York PCA-op (03)/1994 (58)}) (13... Qf6 14. Qd3 g6
15. Qxd5 Rd8 16. Qb5 Nh4 17. Nbd4 Nxd4 18. Nxd4 Bd7 19. Qf1 Bxd4 20. cxd4 Bc6
21. f3 Rac8 22. Be3 Rd6 {Manca,F-Van der Wiel,J/Lugano op (05)/1989/}) 14. Qd3
Rd8 15. Be3 Bxe3 16. fxe3 g6 17. e4 {1/2-1/2/Ivanchuk,V-Lobron,E/Dortmund (05)/
1995/}) 13. Bc2 {/N/} (13. Bxf5 Bxf5 14. Bg5 f6 15. Bh4 Bg4 16. Qd3 Bxf3 (16...
a5 $5 {Chekhov}) 17. Qxf3 Ne5 18. Qf5 Re8 19. Rad1 Qd6 20. Bg3 {David,
P-Barbero,G/Lazne Bohdanec (11)/1995/ 1-0 (34)}) (13. Qc2 $2 Nh4 $1 14. Nbd4 (
14. Bxh7+ $2 Kh8 15. Ng5 f6 16. Ne6 Re8 $19) 14... Bg4 (14... Nxd4 $6 {Chekhov}
15. Nxd4 Nxg2 16. Kxg2 Qh4 17. Bxh7+ Qxh7 18. Qxh7+ Kxh7 19. Nb5 Bd8 20. Be3
$14 {Smagin,S-Velimirovic,D/YUG/1992/1|0/60/}) 15. Nxh4 Qxh4 16. g3 Qh5 17.
Nxc6 bxc6 18. Be3 f5 19. f4 $8 Bf3 {Yandemirov,V-Kovalev,A/Minsk (06)/1995/ 
(21)}) (13. Bg5 $1 f6 (13... Qd6 14. g3 $1 {/\Bf4+/-/}) 14. Bd2 Ne5 $13) 13...
g6 14. Bxf5 (14. Bg5 f6 (14... Qd6 15. Bxf5 Bxf5 16. Bh4 $14) 15. Bd2 (15. Bxf5
{Chekhov} Bxf5 16. Bh4 $14)) 14... Bxf5 15. Bh6 Re8 16. Rxe8+ Qxe8 17. Nfd4 {
Inconsequent continuation, since grabbing the pawn was not that dangerous.
White thus remains without the white square B for no compensation and this
will bring his downfall.} (17. Qxd5 $5 Be4 (17... Rd8 18. Qb5 Qd7 (18... Ne5
19. Qxe8+ Rxe8 20. Nbd4 Nxf3+ 21. Nxf3 f6 22. Be3 $16) 19. Re1 a6 20. Qe2 $14)
18. Qd1 (18. Qb5 Bxf3 19. Qxb7 Bxg2 20. Qxc7 Bd5 $132) 18... Rd8 (18... Ne5 19.
Nbd4 Rd8 20. Qe2 Nxf3+ 21. Nxf3 Qc6 $22 22. Nd4 Qd6 $146) (18... a5 $5 $44 {
Chekhov}) 19. Qe2) 17... Qe5 18. g3 (18. Nf3 Qd6) 18... Bb6 19. Bf4 (19. Qd2 {
Chekhov} Re8 20. Nxf5 Qxf5 21. Re1 Re4 $15) (19. Be3 $5 {Chekhov}) 19... Qf6
20. Kg2 (20. Qd2 Be4 $5) 20... Re8 21. Be3 (21. Nxf5 Qxf5 $15) 21... Bd7 (21...
Be4+ {Chekhov} 22. f3 Bf5 23. Qd2 $132) 22. Nc2 $2 {Logical when one sees the
perfect target on d5, but the kingside remains exposed.} (22. Qd2 Bg4 (22...
Ne5 {Chekhov} 23. Re1 Nc4 24. Qc1 $17) 23. Re1 $10) (22. Nxc6 $2 {Chekhov} Bxe3
23. fxe3 Bxc6 $17) (22. Qf3 $6 {Chekhov} Qxf3+ 23. Kxf3 Ne5+ 24. Kg2 Nc4 $19)
22... Ne5 23. Bxb6 Bg4 $1 {White have lost the tactical fight as the enemy
will dominate light squares aroud his king.} (23... Qxb6 24. Ne3 Bc6 25. Qd4
$10) (23... axb6 {Chekhov} 24. Ne3 Qe6 25. Nd4 Qh3+ 26. Kg1 $13) 24. Qd4 Bf3+
25. Kf1 (25. Kg1 Be4 26. Qa4 Nf3+ 27. Kf1 Qe6 28. Be3 Nxh2+ 29. Ke2 Bxc2 $40)
25... Qf5 26. Ne1 (26. Ne3 Qh3+ 27. Ke1 Qxh2 28. Bxa7 Ng4 $19 (28... Qg1+ 29.
Kd2 Qxf2+ 30. Kc1 Qe1+ 31. Nd1 Nc6 32. Qd2 Nxa7 $19)) 26... Nc6 27. Qh4 (27.
Qd2 $2 Qh3+ 28. Kg1 Rxe1+) (27. Qf4 Qh3+ 28. Kg1 Rxe1+ $19) 27... g5 $1 28. Qh6
Re6 {On top of all sorrows white's Q is trapped and the eqivalent is only R
and N.} 29. Qxe6 (29. Qxg5+ Qxg5 30. Nxf3 Qg4 31. Nfd4 axb6 $19) 29... fxe6 30.
Nd4 (30. Be3 g4 $19) 30... Nxd4 31. Bxd4 Bg4 32. Bxa7 d4 $1 33. Kg1 (33. Bxd4
Qb5+ 34. Kg1 Qxb2 $19) 33... Qb5 (33... d3 {Chekhov} 34. Be3) 34. b3 dxc3 35.
Bd4 (35. Rc1 Bh3 36. Nc2 Qd3 37. Be3 h6 $19) 35... Bh3 36. Nc2 (36. Ng2 Qd5 $19
) 36... Qd5 37. f3 Qxf3 38. Ne3 e5 39. Bc5 Qe2 40. Rc1 (40. Kh1 c2 41. Rc1 Qd2
$19) 40... Qd2 41. Rd1 Qxd1+ $1 (41... Qxd1+ 42. Nxd1 c2 $19) 0-1

[Event "Novosibirsk"]
[Site "Novosibirsk"]
[Date "1995.??.??"]
[Round "3"]
[White "Ruban, Vadim"]
[Black "Kharlov, Andrei"]
[Result "1/2-1/2"]
[WhiteElo "2535"]
[BlackElo "2555"]
[PlyCount "83"]
[EventDate "1995.10.??"]
[EventType "tourn"]
[EventRounds "11"]
[EventCountry "RUS"]
[EventCategory "15"]
[SourceTitle "CBM 050"]
[Source "ChessBase"]
[SourceDate "1996.02.01"]
[SourceVersion "1"]
[SourceVersionDate "1996.02.01"]
[SourceQuality "1"]

1. d4 d5 2. c4 e6 3. Nf3 Nf6 4. e3 c5 5. cxd5 exd5 6. Nc3 Nc6 7. Bb5 cxd4 8.
Nxd4 Bd7 9. O-O Bd6 10. Nf3 a6 11. Bxc6 Bxc6 12. b3 O-O 13. Bb2 Qe7 14. Qd4 Bc5
15. Qh4 Ba3 16. Bxa3 Qxa3 17. Qd4 Rac8 18. Rfd1 Rfd8 19. Ne5 Be8 20. f3 h6 21.
Nd3 a5 22. Rd2 Ne4 23. Rc2 Nxc3 24. Rxc3 Rxc3 25. Qxc3 d4 26. exd4 Qd6 27. Re1
Bb5 28. Nf2 Qxd4 29. Qxa5 Qd2 30. Qxd2 Rxd2 31. Ne4 Rc2 32. Rd1 Bc6 33. a4 Rb2
34. Rd3 Bxe4 35. fxe4 Kf8 36. h4 g6 37. Kf1 Ke7 38. g3 Ke6 39. Ke1 g5 40. hxg5
hxg5 41. a5 g4 42. Rd5 1/2-1/2

[Event "Novosibirsk"]
[Site "Novosibirsk"]
[Date "1995.??.??"]
[Round "4"]
[White "Kharlov, Andrei"]
[Black "Vyzmanavin, Alexey"]
[Result "1-0"]
[WhiteElo "2555"]
[BlackElo "2605"]
[Annotator "Chekhov"]
[PlyCount "117"]
[EventDate "1995.10.??"]
[EventType "tourn"]
[EventRounds "11"]
[EventCountry "RUS"]
[EventCategory "15"]
[SourceTitle "CBM 050"]
[Source "ChessBase"]
[SourceDate "1996.02.01"]
[SourceVersion "1"]
[SourceVersionDate "1996.02.01"]
[SourceQuality "1"]

1. d4 Nf6 2. c4 e6 3. Nc3 Bb4 4. Qc2 O-O 5. a3 Bxc3+ 6. Qxc3 Ne4 $5 (6... b6 $5
) 7. Qc2 f5 8. Nh3 d6 (8... Nc6 9. f3 Nf6 10. e3 e5 11. dxe5 Nxe5 12. Nf4 d6
13. Be2 g5 14. Nh3 Nh5 15. f4 gxf4 16. exf4 Qh4+ 17. Nf2 Ng4 18. g3 Qe7 19. O-O
$16 {Kharlov,A-Makarichev,S/RUS/1994/0|1/40/}) (8... b6 9. e3 Bb7 10. f3 Nf6
11. Bd3 Nc6 12. O-O Ne7 13. b4 Qe8 14. Bb2 Qh5 15. Rae1 $14 {Arlandi,E-Cebalo,
M/Reggio Emilia/1994/0|1/36/}) 9. f3 Nf6 10. e3 Qe7 $5 {/N/} (10... e5 11. dxe5
dxe5 12. Nf2 Nc6 13. Bd2 Qe7 14. O-O-O e4 15. f4 Be6 16. Rg1 $36 {Hlian,
E-Terterians,V/Podolsk/1992/0|1/58/}) (10... a5 $5 11. Bd3 Nc6 12. O-O a4 13.
b4 axb3 14. Qxb3 b6 15. Bb2 Na5 16. Qc2 c5 $132 {Tomicic,Z-Hulak,K/Djakovo/
1994/0|1/40/}) 11. Bd3 a5 12. Bd2 b6 (12... a4 $5) 13. O-O Bb7 (13... a4 $5)
14. b4 $14 axb4 15. axb4 Nbd7 16. Qb2 Rfb8 17. Bc2 (17. Rxa8 Rxa8 18. Ra1 Qe8
19. Ra3 Rxa3 20. Qxa3 Qa8 $14) 17... Qd8 18. Ba4 Ba6 (18... Ra7 $4 19. Bxd7
Rxa1 20. Bxe6+ $18) (18... Ra6 $5 19. Bb5 Rxa1 20. Rxa1 Ra8) 19. Qc2 Bb7 20.
Ra2 Qe7 21. Rfa1 h6 22. Bb3 (22. Nf2 $5) 22... c5 23. Ra7 Qe8 24. Bc3 Qf7 25.
Qd1 (25. Qd2 $5) 25... Rxa7 26. Rxa7 Qe7 27. Qd2 e5 (27... Nf8 28. dxc5 dxc5
29. bxc5 $6 (29. Be5 $5 Ra8 (29... Rd8 $4 30. Rxb7 $18) 30. Rxa8 Bxa8 31. b5
$16) 29... bxc5 30. Be5 Ra8 31. Rxa8 Bxa8 32. Qd6 Qxd6 33. Bxd6 N8d7 34. Ba4
$14) 28. Nf2 Kh8 29. h3 Nf8 30. Bc2 cxd4 (30... Qe6 31. d5 Qd7 32. f4 $16) 31.
exd4 Qe6 32. c5 e4 (32... bxc5 33. bxc5 dxc5 (33... exd4 34. Qxd4 dxc5 35. Qxc5
$16) 34. dxe5 $16) 33. fxe4 fxe4 34. d5 $1 (34. Nd1 Nd5 35. Ne3 $14) 34... Qxd5
(34... Nxd5 $6 35. Rxb7 $6 (35. Bxg7+ $1 Kxg7 36. Bxe4 Nd7 (36... Nc7 37. cxb6
$18) (36... Ne7 37. cxd6 $18) 37. Rxb7 Rxb7 38. Bxd5 $18) 35... Rxb7 36. Bxe4
Nxc3 37. Bxb7 Ne2+ 38. Kf1 Ng3+ 39. Kg1 dxc5 40. bxc5 bxc5) (34... Bxd5 $4 35.
Bxf6 $18) 35. Qxd5 Nxd5 (35... Bxd5 36. cxd6 N8d7 37. Ng4 $16) 36. Bxg7+ Kxg7
37. c6 Nxb4 38. Rxb7+ Rxb7 39. cxb7 Nd7 40. Ba4 (40. Bxe4 d5 (40... Kf6 41.
Ng4+ Kg7 42. Kf2 $18) 41. Nd3 Nxd3 42. Bxd3 Kf6 43. Kf2 Ke5 44. Kf3 Kd6 45. Bb5
Nb8 46. g4 $18) 40... Nb8 (40... e3 41. Ng4 Nb8 42. Nxe3 $18) 41. Nxe4 d5 42.
Nd6 N4a6 43. Bb3 Nc7 44. Nc8 b5 45. Ne7 d4 46. Nf5+ Kf6 47. Nxh6 $18 Nca6 48.
Ng4+ Kf5 49. Bd5 Nc5 50. Kf2 b4 51. Ke2 b3 52. Kd2 d3 (52... b2 53. Kc2 Nd3 54.
Kb1 $18) 53. Kc3 Kf4 54. Nf2 Ke3 55. Nd1+ Kf4 (55... Ke2 56. Bf3+ Ke1 57. h4
$18) 56. Nb2 Ke3 57. Bf3 Nbd7 58. h4 Ne4+ 59. Bxe4 1-0